|
|
|
|
| LEADER |
00769nam a2200229 4500 |
| 001 |
000995874 |
| 003 |
CZ BrMZK |
| 005 |
20190222110541.0 |
| 008 |
010825s2001 gw f ger |
| 020 |
|
|
|a 3-10-062924-8
|
| 040 |
|
|
|a BOA001
|b cze
|
| 100 |
1 |
|
|a Ransmayr, Christoph,
|d 1954-
|7 jn19990006827
|
| 245 |
1 |
4 |
|a Die Unsichtbare :
|b Tirade an drei Stränden /
|c Christoph Ransmayr
|
| 260 |
|
|
|a Frankfurt am Main :
|b Fischer,
|c 2001
|
| 300 |
|
|
|a 89 s.
|
| 541 |
|
|
|a 3.2.2003
|
| 655 |
|
7 |
|a divadelní hry
|7 fd132028
|2 czenas
|
| 655 |
|
7 |
|a divadelní hry
|7 fd132028
|2 czenas
|
| 910 |
|
|
|a BOA001
|b RK-0004.352
|
| 990 |
|
|
|a BK
|
| 991 |
|
|
|z 000044447
|x 33
|
| 996 |
7 |
|
|b 261A005264
|c RK-0004.352
|l Rakouská knihovna/2.patro
|r ZHR
|n 2
|p {1-B-04.352}
|h B-ran
|w 000995874
|u 000010
|a 0
|e BOA001
|j MZK50
|s A
|